الأمومة : (رقم التسجيلة. 50238)

تفاصيل مارك
000 -الفاتح
عناصر البيانات ثابتة الطول 00703cam a2200181 i 4500
005 - تاريخ ووقت آخر معاملة
حقل ضبط 20251215110201.0
008 - عناصر البيانات ثابتة الطول
عناصر البيانات ثابتة الطول 250721s1998 su gr 000 0 ara d
082 14 - رقم تصنيف ديوي العشري
رقم التصنيف 216.534
رقم المادة م ح م
100 1# - مدخل رئيسي – اسم شخصي
الاسم الشخصي الزعبلاوي، محمد السيد محمد
علاقة الشخص بالعمل/ دوره مؤلف.
245 12 - بيان العنوان
العنوان الأمومة :
بقية العنوان في القرآن الكريم و السنة النبوية /
بيان المسؤولية تأليف الدكتور محمد السيد محمد الزعبلاوي.
250 ## - بيان الطبعة
بيان الطبعة الطبعه السادسه.
264 31 - بيانات النشر، التوزيع…إلخ
مكان النشر، التوزيع...إلخ الرياض :
اسم الناشر، الموزع...إلخ دار ابن حزم،
تاريخ النشر، التوزيع...إلخ 1998.
300 ## - الوصف المادي
عدد الوحدات المكونة للوعاء 281صفحة
650 17 - مدخل إضافي بالموضوع - مصطلح موضوعي
مصطلح موضوعي أو اسم جغرافي كعنصر مدخل فقه المرآة.
650 17 - مدخل إضافي بالموضوع - مصطلح موضوعي
مصطلح موضوعي أو اسم جغرافي كعنصر مدخل المرآة في الاسلام.
942 ## - بيانات إضافية (كوها)
نوع التنصيف Dewey Decimal Classification
نوع المادة (كوها) كتب
المقتنيات
حالة السحب حالة الفقدان مصدر التصنيف حالة التلف غير قابل للإعارة المكتبة الرئيسية المكتبة الحالية موقع الرف تاريخ التزويد الرقم المتسلسل Total Checkouts رقم الإستدعاء تاريخ آخر ظهور تاريخ الفاتورة نوع المادة (كوها) العملة الباركود
    Dewey Decimal Classification     المكتبة المركزية المكتبة المركزية الإعارة 15/12/2025 452977   216.534 / م ح م 15/12/2025 15/12/2025 كتب JOD PLD452977
    Dewey Decimal Classification Unchecked   مكتبة حمزة العامة مكتبة حمزة العامة الإعارة 06/07/2004 1310   216.534/محم 28/07/2025 06/07/2004 كتب    
    Dewey Decimal Classification Unchecked   مكتبة حمزة العامة مكتبة حمزة العامة الإعارة 06/07/2004 1344   216.534/محم 28/07/2025 06/07/2004 كتب    
Implemented & Customized by: BBB with SCIT (Smart Chains for Information Technology)

Powered by Koha